000 01279cam a2200385 i 4500
001 196317
003 ES-MaACL
005 20241012063108.0
007 ta
008 24091 s2000 sp | ||| ||spa
017 _aM 29444-2000
_bOficina Depósito Legal Madrid
020 _a8484600459
035 _a(OCoLC)433404918
035 _a(SpMaBN)bimo0001628232
035 _a991004624209708606
040 _aSpMaBN
_bspa
_cSpMaBN
_erdc
_dES-MaACL
080 _a612.82
100 _aRubia Vila, Francisco José
_9238681
245 1 3 _aEl cerebro nos engaña /
_cFrancisco J. Rubia.
250 _a1ª ed.
260 _aMadrid :
_bTemas de Hoy,
_c2000.
300 _a335 p. :
_bil. ;
_c23 cm
336 _2rdacontent
_atexto
337 _2rdamedia
_asin mediación
338 _2rdacarrier
_avolumen
490 1 _aTanto por saber
650 4 _aNeuropsicología
_2embne
_915532
830 _9180388
_aTanto por saber
852 _aES-MaACL
_cDEPO1
_hDonación: José Manuel Duarte Cendán
_9204035
_jA-15382
903 _9238529
_aDuarte Cendán, José Manuel
_q1
_ednr
942 _n0
_cMONOGRAFIA
999 _c196317
_d196317